[Event "FIDE Open"]
[Site "Voronezh"]
[Date "2018.06.18"]
[Round "7.24"]
[White "Zisin, Oleg"]
[Black "Zakharov, Denis"]
[Result "1-0"]
[WhiteElo "2012"]
[BlackElo "1928"]
[Annotator ""]
[Source ""]
[Remark ""]

1.e4 d6 2.d4 Nf6 3.Nc3 g6 4.g3 Bg7 5.Bg2 O-O 6.Nge2 Nbd7 7.h3
e5 8.Be3 c6 9.O-O Nh5 10.g4 Nhf6 11.f4 exf4 12.Bxf4 Qe7 13.Qe1
h5 14.Qg3 Re8 15.Bxd6 h4 16.Qh2 Qe6 17.e5 Nh7 18.Bd5 cxd5 19.Nf4
Qxd6 20.exd6 Bxd4+ 21.Kh1 Be5 22.Qf2 Rf8 23.Ncxd5 Bxd6 24.Rad1
b6 25.c4 Bb7 26.Ng2 Bg3 27.Qd4 Rae8 28.Rd3 Ng5 29.Re3 Rxe3 30.Qxe3
Nxh3 31.Nxh4 Bxh4 32.Qxh3 Kg7 33.Qxh4 Kg8 1-0

[Event "FIDE Open"]
[Site "Voronezh"]
[Date "2018.06.18"]
[Round "7.25"]
[White "Nesterov, Andrey"]
[Black "Neklyudov, Taras"]
[Result "1-0"]
[WhiteElo "2010"]
[BlackElo "1876"]
[Annotator ""]
[Source ""]
[Remark ""]

1.e4 c5 2.Nf3 d6 3.d4 cxd4 4.Nxd4 Nf6 5.Nc3 a6 6.Be2 e6 7.O-O
Be7 8.f4 Nbd7 9.Be3 Qc7 10.Bf3 O-O 11.Qe1 Rb8 12.Qg3 Kh8 13.Rad1
Nb6 14.Kh1 Nc4 15.Bc1 Bd7 16.b3 Nb6 17.Bb2 e5 18.Nf5 Bxf5 19.exf5
exf4 20.Qxf4 Nfd7 21.Ne4 f6 22.c4 Ne5 23.Rd2 Rbd8 24.Rfd1 Rd7
25.Nc3 Rdd8 26.Bd5 Ned7 27.Ba3 Ne5 28.Be6 Rfe8 29.Ne4 Nc8 30.Bxc8
Qxc8 31.Bxd6 Rd7 32.Rd5 Nf7 33.h3 Bxd6 34.Nxd6 Nxd6 35.Rxd6 Rxd6
36.Rxd6 Re1+ 37.Kh2 h6 38.Qd2 Qc7 39.Qxe1 Qxd6+ 40.Qg3 Qd7 41.Qf4
Kh7 42.Qf3 Qd6+ 43.g3 Qd2+ 44.Qg2 Qb4 45.h4 b5 46.Qc2 bxc4 47.bxc4
Qc5 48.Kg2 Qc6+ 49.Kf2 Qc5+ 50.Kf3 Qa3+ 51.Kf2 Qc5+ 52.Ke2 Qg1
53.Qb3 Qg2+ 54.Kd1 Qg1+ 55.Kc2 Qf2+ 56.Kc1 Qf1+ 57.Kc2 Qg2+ 58.Kb1
Qf1+ 59.Kb2 Qe2+ 60.Ka3 Qe7+ 61.Ka4 Qd7+ 62.Ka5 Qxf5+ 63.Kxa6
Qc8+ 64.Kb5 Qc7 65.Ka4 Qa7+ 66.Kb4 Qb8+ 67.Ka3 Qa8+ 68.Kb2 Qg2+
69.Qc2+ Qxc2+ 70.Kxc2 1-0

[Event "FIDE Open"]
[Site "Voronezh"]
[Date "2018.06.18"]
[Round "7.26"]
[White "Napalkov, Vladimir"]
[Black "Slastikhin, Vladislav"]
[Result "1-0"]
[WhiteElo "2005"]
[BlackElo "1846"]
[Annotator ""]
[Source ""]
[Remark ""]

1.d4 d5 2.c4 e6 3.Nc3 Nf6 4.cxd5 exd5 5.Bg5 Nbd7 6.e3 c6 7.Bd3
Be7 8.Qc2 O-O 9.Nge2 Re8 10.O-O Ne4 11.Bxe7 Qxe7 12.Bxe4 dxe4
13.Ng3 Nf6 14.Rae1 Be6 15.f3 Bd5 16.b3 Rad8 17.Qf2 Rf8 18.Rd1
Qe6 19.f4 Ng4 20.Qe2 f5 21.Rc1 Qf7 22.h3 Nh6 23.Rc2 Qg6 24.Kh2
Qf6 25.Qf2 Qh4 26.Kg1 Qe7 27.Rfc1 g6 28.Na4 Kh8 29.Ne2 Ng8 30.Qe1
h6 31.b4 g5 32.Nc5 Nf6 33.a4 Nh5 34.Qf2 Rf7 35.b5 Rg8 36.bxc6
bxc6 37.Rb1 gxf4 38.Nxf4 Nxf4 39.Qxf4 Qg5 40.Rf2 Rgg7 41.Kh2
Kh7 42.Rbf1 Bc4 43.Rg1 Bd5 44.g3 Rg8 45.Rb1 Rgg7 46.Rbf1 Bc4
47.Rg1 Bd5 48.a5 Qd8 49.a6 Qa5 50.Rb1 Qa3 51.Rb7 Qc1 52.Rxf7
Rxf7 53.Nb7 Qa3 54.Nd6 Rf6 55.Nxf5 Qxa6 56.Qc7+ Bf7 57.Qe7 c5
58.Qf8 Rxf5 59.Rxf5 Qa2+ 60.Kg1 Kg6 61.Qxc5 Qe2 62.Rf2 Qxe3 63.Qf5+
Kg7 64.Qxf7+ Kh8 65.Kg2 Qxd4 1-0

[Event "FIDE Open"]
[Site "Voronezh"]
[Date "2018.06.18"]
[Round "7.27"]
[White "Strukova, Ksenia"]
[Black "Polukhin, Alexander"]
[Result "1-0"]
[WhiteElo "1994"]
[BlackElo "1809"]
[Annotator ""]
[Source ""]
[Remark ""]

1.e4 e6 2.d4 d5 3.Nd2 Nc6 4.c3 e5 5.exd5 Qxd5 6.Ngf3 exd4 7.Bc4
Qh5 8.Qe2+ Be7 9.Nxd4 Qxe2+ 10.Nxe2 Ne5 11.O-O Nxc4 12.Nxc4 Be6
13.Ne5 Nf6 14.Nd4 Bd5 15.Re1 O-O 16.c4 Be4 17.Bg5 Rfe8 18.Nb5
Bd6 19.Bxf6 gxf6 20.Nxd6 cxd6 21.Ng4 Kg7 22.f3 Bd3 23.b3 b5 24.cxb5
Bxb5 25.Ne3 Rad8 26.Nf5+ Kg6 27.Rxe8 Bxe8 28.Ne7+ Kg7 29.Rd1
Kf8 30.Nd5 Kg7 31.Rd4 f5 32.Ne3 Kf6 33.Rd5 Ke6 34.Rxf5 f6 35.Ra5
Rd7 36.Kf2 h5 37.Nd5 f5 38.Nb4 Rc7 39.Nd3 Bf7 40.Ke3 Kf6 41.Ra4
Be8 42.Ra6 Ke7 43.Nb4 Ke6 44.Kd4 h4 45.Nd5 Rd7 46.Nf4+ Ke7 47.Ra5
Kf6 48.Ke3 Bf7 49.Ra4 Kg5 50.Kd3 Re7 51.Nh3+ Kh5 52.Nf4+ Kg5
53.Ne2 Be8 54.Ra5 Kf6 55.Nd4 Re5 56.Rxa7 f4 57.Ra6 Re3+ 58.Kd2
Ke5 59.Nc2 Bh5 60.Ra5+ Ke6 1-0

[Event "FIDE Open"]
[Site "Voronezh"]
[Date "2018.06.18"]
[Round "7.28"]
[White "Zaitseva, Lyudmila"]
[Black "Korolkov, Alexander"]
[Result "1-0"]
[WhiteElo "1954"]
[BlackElo "1734"]
[Annotator ""]
[Source ""]
[Remark ""]

1.Nf3 d5 2.c4 c6 3.g3 Nf6 4.Bg2 Bf5 5.O-O e6 6.d4 Bd6 7.Nc3 O-O
8.Nh4 Bg4 9.Qb3 Qb6 10.c5 Qxb3 11.axb3 Bc7 12.f3 Bh5 13.e4 dxe4
14.fxe4 Nbd7 15.b4 a6 16.Nf3 Rfe8 17.Nd2 e5 18.d5 a5 19.bxa5
Nxc5 20.b4 Nd3 21.Ba3 Bd6 22.Rab1 Bb8 23.Bf3 Ba7+ 24.Kg2 cxd5
25.Bxh5 Nxh5 26.Nxd5 Rac8 27.Rb3 Nf2 28.Rxf2 Bxf2 29.Kxf2 Nf6
30.Nxf6+ gxf6 31.b5 Rc2 32.Ke2 Rd8 33.Rd3 Ra8 34.Bb4 Rac8 35.Rd7
R8c4 36.Kd3 Rc8 37.Rxb7 Rb2 38.Bc3 1-0

[Event "FIDE Open"]
[Site "Voronezh"]
[Date "2018.06.18"]
[Round "7.29"]
[White "Aloyan, Mikhail"]
[Black "Malinin, Sergey"]
[Result "1-0"]
[WhiteElo "1759"]
[BlackElo "1953"]
[Annotator ""]
[Source ""]
[Remark ""]

1.e4 d6 2.d4 Nf6 3.Nc3 g6 4.Be3 Bg7 5.Qd2 c6 6.Bh6 Bxh6 7.Qxh6
b5 8.a3 Qa5 9.O-O-O b4 10.axb4 Qa1+ 11.Nb1 Be6 12.Bd3 a5 13.Qd2
O-O 14.bxa5 Rxa5 15.Qc3 Ra7 16.Ne2 Rc8 17.f3 c5 18.d5 Bxd5 19.Kd2
Be6 20.Na3 Rxa3 21.Rxa1 Rxc3 22.Nxc3 Nc6 23.Bb5 Nd4 24.b3 Rb8
25.Bc4 Bxc4 26.bxc4 Rb2 27.Ra2 Rb4 28.Kd3 Nc6 29.f4 Ng4 30.Nd1
Rb1 31.c3 Kg7 32.h3 Nf6 33.Nf2 Rb7 34.Ng4 Nh5 35.Rf1 Rb3 36.Kc2
Rb7 37.Ne3 Ng3 38.Rb1 Rd7 39.Kd3 Nh5 40.Rf1 Rb7 41.g4 Nf6 42.Nd5
Nd7 43.g5 Nf8 44.h4 Ne6 45.Rfa1 Ned8 46.Rh1 f6 47.gxf6+ exf6
48.Rg2 Rf7 49.h5 g5 50.h6+ Kf8 51.fxg5 Ne5+ 52.Ke2 fxg5 53.Rxg5
Ne6 54.Rf5 Nxc4 55.Ra1 Rxf5 56.exf5 Ng5 57.Ra8+ Kf7 58.Ra7+ Kf8
59.f6 Ne5 60.Ke3 Ke8 1-0

[Event "FIDE Open"]
[Site "Voronezh"]
[Date "2018.06.18"]
[Round "7.30"]
[White "Gorodnichev, Alexey"]
[Black "Shushunov, Aleksei"]
[Result "0-1"]
[WhiteElo "1949"]
[BlackElo "1429"]
[Annotator ""]
[Source ""]
[Remark ""]

1.e4 c5 2.Nf3 d6 3.Bb5+ Bd7 4.Bxd7+ Qxd7 5.O-O Nf6 6.Re1 Nc6
7.c3 g6 8.d4 cxd4 9.cxd4 Bg7 10.Nc3 O-O 11.h3 Rad8 12.Bg5 h6
13.Be3 a6 14.Qd2 Kh7 15.Nh2 d5 16.e5 Ne4 17.Qd3 Nxc3 18.bxc3
Na5 19.a4 Rc8 20.Reb1 Rc4 21.Rb4 Rfc8 22.Bd2 Rxb4 23.cxb4 Nc4
24.Be1 Qf5 25.Qxf5 gxf5 26.Rc1 e6 27.g4 fxg4 28.hxg4 Nb6 29.Rxc8
Nxc8 30.Nf1 Nb6 31.a5 Nc4 32.Kg2 Bf8 33.f4 Nb2 34.Kf3 Nd3 35.Bc3
Nxb4 0-1

[Event "FIDE Open"]
[Site "Voronezh"]
[Date "2018.06.18"]
[Round "7.31"]
[White "Sokolovsky, Victor"]
[Black "Efendiev, Enver"]
[Result "0-1"]
[WhiteElo "1866"]
[BlackElo "1948"]
[Annotator ""]
[Source ""]
[Remark ""]

1.e4 e5 2.Nf3 Nc6 3.Bb5 f5 4.d4 fxe4 5.Nxe5 Nxe5 6.dxe5 c6 7.Nc3
cxb5 8.Nxe4 d5 9.exd6 Nf6 10.Bg5 Qa5+ 11.Bd2 b4 12.Nxf6+ gxf6
13.O-O Bxd6 14.Re1+ Kf7 15.a3 Qd5 16.Bxb4 Qxd1 17.Raxd1 Bxb4
18.axb4 Be6 19.Rd6 Rhe8 20.Rc1 Rad8 21.Rdd1 b5 22.f3 Rd5 23.Kf2
Re5 24.b3 Bf5 25.Rd2 Rc8 26.c4 Be6 27.f4 Re4 28.Kf3 f5 29.Ra1
bxc4 30.Rxa7+ Kg6 31.bxc4 Rcxc4 32.g3 Rxb4 33.Kg2 Ra4 34.Re7
Ra2 35.Rxa2 Bxa2 0-1

[Event "FIDE Open"]
[Site "Voronezh"]
[Date "2018.06.18"]
[Round "7.32"]
[White "Fadin, Evgeny"]
[Black "Popov, Maksim"]
[Result "1/2-1/2"]
[WhiteElo "2056"]
[BlackElo "1831"]
[Annotator ""]
[Source ""]
[Remark ""]

1.Nf3 Nf6 2.c4 e6 3.g3 b6 4.Bg2 Bb7 5.O-O Be7 6.Nc3 c5 7.d4 cxd4
8.Nxd4 Bxg2 9.Kxg2 O-O 10.e4 d5 11.e5 Nfd7 12.cxd5 exd5 13.e6
Nc5 14.exf7+ Rxf7 15.Nde2 Nc6 16.Nxd5 Bf6 17.Nef4 Bd4 18.Ne3
Rd7 19.Qe2 Qf6 20.Ng4 Qf5 21.h3 Rad8 22.a4 Na5 23.Ra3 Nab3 24.Qc4+
Qf7 25.Qxf7+ Rxf7 26.Ne6 Nxe6 27.Rxb3 Rdf8 28.Be3 Nc5 29.Ra3
Bxb2 30.Ra2 Bc3 31.Rc1 Ne4 32.Rac2 h5 33.Nh2 Be5 34.Rc8 Bf6 35.Rxf8+
Rxf8 36.Rc4 Nc5 37.a5 Kf7 38.axb6 axb6 39.Rb4 Nd7 40.Rb5 Be5
41.Nf3 Ke6 1/2-1/2

[Event "FIDE Open"]
[Site "Voronezh"]
[Date "2018.06.18"]
[Round "7.33"]
[White "Poltavets, Ivan"]
[Black "Anisimov, V."]
[Result "1/2-1/2"]
[WhiteElo "1765"]
[BlackElo "2011"]
[Annotator ""]
[Source ""]
[Remark ""]

1.e4 e5 2.Nf3 Nc6 3.Bb5 Bc5 4.O-O d6 5.c3 a6 6.Ba4 b5 7.d4 Bb6
8.Bb3 Bd7 9.a4 bxa4 10.Bxa4 Nf6 11.Qd3 O-O 12.Bg5 Qe7 13.Nbd2
Nb8 14.Bc2 Bg4 15.Nh4 h6 16.Be3 g5 17.Nf5 Bxf5 18.exf5 Re8 19.Ne4
Nxe4 20.Qxe4 Nd7 21.Ba4 exd4 22.Qxe7 Rxe7 23.cxd4 a5 24.Bc6 Rb8
25.h4 f6 26.Ra4 Kg7 27.Kh2 Rh8 28.b3 Nb8 29.Bf3 Na6 30.Bd2 Nb4
31.Bxb4 axb4 32.Rxb4 Rhe8 33.Rc1 Re1 34.Rbc4 R8e7 35.Rxe1 Rxe1
36.h5 Re7 37.Bd5 Re2 38.Kg3 Rd2 39.f4 Rxd4 40.Rxd4 Bxd4 41.fxg5
fxg5 1/2-1/2

[Event "FIDE Open"]
[Site "Voronezh"]
[Date "2018.06.18"]
[Round "7.34"]
[White "Yaurov, Egor"]
[Black "Kasantsev, Anatolij B."]
[Result "1-0"]
[WhiteElo "1825"]
[BlackElo "1962"]
[Annotator ""]
[Source ""]
[Remark ""]

1.d4 Nf6 2.Bg5 e6 3.Nd2 h6 4.Bh4 g5 5.Bg3 Nh5 6.Be5 f6 7.e3 fxe5
8.Qxh5+ Ke7 9.dxe5 Bg7 10.Ngf3 Qe8 11.Qg4 Qf7 12.O-O-O Nc6 13.Qg3
Rg8 14.h3 b6 15.Bd3 Bb7 16.Be4 Raf8 17.Nb3 Kd8 18.Nbd4 Nxd4 19.Rxd4
Bxe4 20.Rxe4 Kc8 21.Ra4 Kb8 22.Qg4 Qe8 23.Rd1 Qc8 24.Qe4 Rf5
25.Rdd4 Bf8 26.Rxa7 c6 27.Rdxd7 1-0

[Event "FIDE Open"]
[Site "Voronezh"]
[Date "2018.06.18"]
[Round "7.35"]
[White "Piskov, Vladimir A."]
[Black "Stepanenko, Kirill"]
[Result "1/2-1/2"]
[WhiteElo "1928"]
[BlackElo "1784"]
[Annotator ""]
[Source ""]
[Remark ""]

1.d4 d5 2.Bg5 h6 3.Bh4 Bf5 4.e3 Nd7 5.Bd3 Bxd3 6.Qxd3 c6 7.Nd2
Ngf6 8.Ngf3 e6 9.O-O Qc7 10.c4 g5 11.Bg3 Bd6 12.Bxd6 Qxd6 13.e4
dxe4 14.Nxe4 Nxe4 15.Qxe4 O-O-O 16.Rfd1 f5 17.Qe3 g4 18.Ne1 h5
19.d5 e5 20.Qxa7 f4 21.Nd3 f3 22.dxc6 Qxc6 23.Qa8+ Kc7 24.Qa5+
Kc8 25.Nxe5 Nxe5 26.Qxe5 fxg2 27.Rd5 Rde8 28.Qd4 Kb8 29.Rd1 Rhf8
30.Ra5 b6 31.Rxh5 Re4 32.Qd6+ Qxd6 33.Rxd6 Re2 34.Rxb6+ Kc7 35.Rhh6
Rfxf2 36.Rhc6+ Kd7 37.Rd6+ Kc7 38.Rdc6+ Kd7 39.Rd6+ Kc7 40.Rdc6+
Kd7 1/2-1/2

[Event "FIDE Open"]
[Site "Voronezh"]
[Date "2018.06.18"]
[Round "7.36"]
[White "Savoskin, Vladimir"]
[Black "Levicheva, Ekaterina"]
[Result "1-0"]
[WhiteElo "1743"]
[BlackElo "1908"]
[Annotator ""]
[Source ""]
[Remark ""]

1.b3 e5 2.Bb2 Nc6 3.e3 d5 4.Nf3 Bd6 5.Bb5 Qe7 6.O-O Nf6 7.d4
e4 8.Ne5 Bd7 9.Bxc6 bxc6 10.c4 h5 11.f4 Ng4 12.Qe1 Bxe5 13.dxe5
h4 14.cxd5 cxd5 15.Ba3 c5 16.Nc3 Bc6 17.Qe2 Nxe3 18.Qxe3 d4 19.Qc1
dxc3 20.Qxc3 h3 21.Bxc5 Qe6 22.f5 Qh6 23.Be3 g5 24.Bxg5 hxg2
25.Bxh6 gxf1Q+ 26.Rxf1 Rxh6 27.f6 Rg6+ 28.Kf2 Kf8 29.Qxc6 Re8
30.Rg1 e3+ 31.Kf1 e2+ 32.Kxe2 Rxe5+ 33.Kd3 Rxg1 34.Qc8+ Re8 35.Qc5+
Re7 36.fxe7+ Ke8 37.Qxg1 1-0

[Event "FIDE Open"]
[Site "Voronezh"]
[Date "2018.06.18"]
[Round "7.37"]
[White "Suleymanov, Emirlan"]
[Black "Pokhlebin, Sergej"]
[Result "0-1"]
[WhiteElo "1701"]
[BlackElo "1898"]
[Annotator ""]
[Source ""]
[Remark ""]

1.e4 e5 2.Nf3 Nc6 3.Bc4 Nf6 4.d3 Bc5 5.c3 a6 6.Bb3 d6 7.Nbd2
O-O 8.O-O Bd7 9.h3 Ne7 10.Re1 Ng6 11.Nf1 Qe7 12.Ng3 h6 13.Nf5
Qd8 14.d4 Be6 15.Bc2 Nh7 16.Qd2 Qf6 17.Nh2 Nf4 18.Ng4 Qg5 19.Kh2
h5 20.Nge3 g6 21.Ng3 Qh4 22.Kg1 Ng5 23.Qd1 Rae8 24.b3 Bxh3 25.gxh3
exd4 26.cxd4 Bxd4 27.Rb1 Qxh3 28.Nef5 gxf5 0-1

[Event "FIDE Open"]
[Site "Voronezh"]
[Date "2018.06.18"]
[Round "7.38"]
[White "Morgachev, Sergey"]
[Black "Yudin, Sergei"]
[Result "1/2-1/2"]
[WhiteElo "1889"]
[BlackElo "1699"]
[Annotator ""]
[Source ""]
[Remark ""]

1.d4 Nf6 2.c4 e6 3.g3 Bb4+ 4.Bd2 Be7 5.Bg2 d5 6.Nf3 c6 7.O-O
O-O 8.Qc2 b6 9.Bf4 Bb7 10.Rc1 Nbd7 11.cxd5 Nxd5 12.Bd2 c5 13.Nc3
Nxc3 14.bxc3 Nf6 15.Bg5 Rc8 16.Qd1 h6 17.Bxf6 Bxf6 18.e3 Qe7
19.Qe2 cxd4 20.cxd4 Qa3 21.Qd2 Bxf3 22.Bxf3 e5 23.Bg4 Rxc1+ 24.Rxc1
exd4 25.exd4 Bxd4 26.Rc8 Rxc8 27.Bxc8 Qc5 28.Bh3 b5 29.Qe2 g6
30.Bd7 Kg7 31.Bxb5 Bxf2+ 32.Qxf2 Qxb5 33.Qd4+ Kg8 34.Qxa7 Qb1+
35.Kg2 Qc2+ 36.Kg1 h5 37.a4 Qd1+ 38.Kg2 Qe2+ 39.Kg1 g5 40.a5
h4 41.gxh4 gxh4 42.Qf2 Qd1+ 43.Kg2 Qd5+ 44.Kh3 Qxa5 45.Qxh4 1/2-1/2

[Event "FIDE Open"]
[Site "Voronezh"]
[Date "2018.06.18"]
[Round "7.39"]
[White "Shestakova, Ekaterina"]
[Black "Kushnarenko, Egor"]
[Result "1/2-1/2"]
[WhiteElo "1886"]
[BlackElo "1631"]
[Annotator ""]
[Source ""]
[Remark ""]

1.e4 c6 2.d4 d5 3.Nc3 dxe4 4.Nxe4 Nf6 5.Nxf6+ exf6 6.c3 Bf5 7.Bc4
Bd6 8.Ne2 O-O 9.O-O Qc8 10.Bf4 Bxf4 11.Nxf4 Nd7 12.Re1 Nb6 13.Bb3
Qc7 14.Qd2 Rfe8 15.Nd3 Rad8 16.Nc5 Nd5 17.f3 Be6 18.Re2 b6 19.Nxe6
fxe6 20.Bxd5 exd5 21.Rae1 Rxe2 22.Qxe2 Kf8 23.g3 Qd7 24.Qd3 Kg8
25.b3 g6 26.Qe3 Kf7 27.Qh6 Kg8 28.Qf4 Kf7 29.Kf2 g5 30.Qe3 Re8
31.Qxe8+ Qxe8 32.Rxe8 Kxe8 33.g4 Ke7 34.Ke3 Kd7 35.f4 Ke6 36.f5+
Ke7 37.Kd3 Kd7 38.b4 b5 39.Ke3 Ke7 40.Kd3 Kd7 1/2-1/2

[Event "FIDE Open"]
[Site "Voronezh"]
[Date "2018.06.18"]
[Round "7.40"]
[White "Filippov, Vladimir"]
[Black "Sibgatullin, Amir"]
[Result "1/2-1/2"]
[WhiteElo "1881"]
[BlackElo "1638"]
[Annotator ""]
[Source ""]
[Remark ""]

1.Nf3 Nf6 2.b3 g6 3.Bb2 Bg7 4.g3 d6 5.Bg2 O-O 6.O-O e5 7.d3 Re8
8.Nbd2 Nbd7 9.Nc4 e4 10.dxe4 Nxe4 11.Bxg7 Kxg7 12.Qd4+ Qf6 13.e3
Nc3 14.Rfe1 d5 15.Nb2 c5 16.Qd2 Ne4 17.Qc1 Ne5 18.Nxe5 Qxe5 19.Nd3
Qc3 20.Qb2 Qxb2 21.Nxb2 Nc3 22.Nd1 Ne4 23.Bxe4 dxe4 24.Nc3 Bf5
25.Red1 Rad8 26.Kf1 h5 27.Ke1 a6 28.Rd5 Rxd5 29.Nxd5 Bg4 30.Nc3
b5 31.Ne2 Kf6 32.Rd1 Ke5 33.Rd2 Bxe2 34.Kxe2 Ke6 35.h4 f5 36.Rd1
Rc8 37.f3 exf3+ 38.Kxf3 c4 39.Rd2 cxb3 40.axb3 a5 41.Kf4 a4 42.bxa4
Rc4+ 43.Kf3 bxa4 44.Rd8 Rxc2 45.Ra8 Rc4 46.Ra6+ 1/2-1/2

[Event "FIDE Open"]
[Site "Voronezh"]
[Date "2018.06.18"]
[Round "7.41"]
[White "Agibalov, Roman"]
[Black "Pak, Nikita"]
[Result "0-1"]
[WhiteElo "1655"]
[BlackElo "1870"]
[Annotator ""]
[Source ""]
[Remark ""]

1.Nc3 g6 2.d4 Nf6 3.e4 d6 4.Be3 Bg7 5.Qd2 O-O 6.Nf3 c6 7.h3 b5
8.Bd3 Bb7 9.Bh6 Nbd7 10.Bxg7 Kxg7 11.O-O-O Nb6 12.Rde1 a5 13.e5
Nfd5 14.Nxd5 Nxd5 15.h4 Nb4 16.a3 Nxd3+ 17.Qxd3 b4 18.a4 c5 19.h5
c4 20.h6+ Kg8 21.Qe3 d5 22.e6 f6 23.g4 b3 24.g5 Qd6 25.Rhg1 Qc6
26.Ne5 Qxa4 27.gxf6 Rxf6 28.Rxg6+ hxg6 29.h7+ Kg7 30.Ng4 Qa1+
31.Kd2 Qxb2 32.Qh6+ Kh8 33.Rc1 Qxd4+ 0-1

[Event "FIDE Open"]
[Site "Voronezh"]
[Date "2018.06.18"]
[Round "7.42"]
[White "Koptev, Ruslan"]
[Black "Ismailov, Samir"]
[Result "1-0"]
[WhiteElo "1859"]
[BlackElo "1507"]
[Annotator ""]
[Source ""]
[Remark ""]

1.e4 e6 2.d4 d5 3.Nd2 Nf6 4.e5 Nfd7 5.Bd3 c5 6.c3 Nc6 7.Ne2 Qb6
8.Nf3 cxd4 9.cxd4 Bb4+ 10.Bd2 f6 11.exf6 Nxf6 12.O-O Bxd2 13.Qxd2
O-O 14.Rac1 Bd7 15.h3 Rae8 16.Ne5 Kh8 17.Bb1 Bc8 18.Kh1 Nd7 19.f4
Ndxe5 20.dxe5 Rf7 21.Nc3 Ref8 22.Rce1 d4 23.Nd1 g5 24.f5 exf5
25.e6 Re7 26.Rxf5 Rxf5 27.Bxf5 Qc5 28.Qxg5 Bxe6 29.Qf6+ Rg7 30.Rxe6 1-0

[Event "FIDE Open"]
[Site "Voronezh"]
[Date "2018.06.18"]
[Round "7.43"]
[White "Sukhareva, Valentina"]
[Black "Kokueva, Alisa"]
[Result "1-0"]
[WhiteElo "1847"]
[BlackElo "1586"]
[Annotator ""]
[Source ""]
[Remark ""]

1.d4 d5 2.c4 e6 3.Nc3 Be7 4.Bf4 Nf6 5.e3 O-O 6.cxd5 exd5 7.Bd3
c6 8.h3 h6 9.Nf3 Nbd7 10.Qe2 Ne8 11.g4 Bd6 12.Ne5 Bxe5 13.dxe5
Qe7 14.g5 hxg5 15.Qh5 g6 16.Bxg5 Qxe5 17.Qh4 Ndf6 18.O-O-O Bf5
19.Bxf5 Qxf5 20.Rd4 Qf3 21.Rg1 Ne4 22.Nxe4 dxe4 23.Be7 Ng7 24.Bxf8
Rxf8 25.Rxe4 Nf5 26.Qf4 Qxh3 27.Re5 Ng7 28.Re7 Ne6 29.Qe4 Qh2
30.Rh1 Qd6 31.Qh4 Qc5+ 32.Kb1 Qf5+ 33.e4 Qh5 34.Qxh5 gxh5 35.Rxb7
Nc5 36.Re7 Nd3 37.f3 Rb8 38.b3 a5 39.Kc2 Nb4+ 40.Kb2 a4 41.Rxh5 1-0

[Event "FIDE Open"]
[Site "Voronezh"]
[Date "2018.06.18"]
[Round "7.44"]
[White "Lupolov, Boris"]
[Black "Efendieva, Alina"]
[Result "1/2-1/2"]
[WhiteElo "1925"]
[BlackElo "1727"]
[Annotator ""]
[Source ""]
[Remark ""]

1.d4 d5 2.c4 e6 3.Nf3 Nf6 4.Bg5 Be7 5.e3 O-O 6.Nc3 h6 7.Bh4 Nbd7
8.Qc2 c5 9.Rd1 b6 10.cxd5 Nxd5 11.Bxe7 Nxe7 12.dxc5 bxc5 13.Be2
Qc7 14.O-O a6 15.Qd2 Nf6 16.Qd6 Qa7 17.Ne5 Nf5 18.Qd3 Qc7 19.Bf3
Rb8 20.Nc4 Bd7 21.Ne4 Nd5 22.Nc3 Nf6 23.Rd2 Bb5 24.Rfd1 Rfd8
25.Qe2 Rxd2 26.Rxd2 Nh4 27.Be4 Bxc4 28.Qxc4 Rb4 29.Qxa6 Nxe4
30.Nxe4 Qe5 31.Nc3 Rg4 32.Qa8+ Kh7 33.g3 Qf5 34.f4 Ng6 35.Kf2
Qh5 36.Qg2 Nh4 37.Qh1 Nf5 38.Ne2 Qh3 39.Qg2 Qh5 40.h3 Rg6 41.g4
Qh4+ 42.Ng3 Ne7 43.Rd7 Qf6 44.Rd2 Qh4 45.Rd7 Qf6 46.Rd2 Qh4 1/2-1/2

[Event "FIDE Open"]
[Site "Voronezh"]
[Date "2018.06.18"]
[Round "7.45"]
[White "Klevets, Ksenia"]
[Black "Sushkov, Mikhail"]
[Result "1-0"]
[WhiteElo "1844"]
[BlackElo "1727"]
[Annotator ""]
[Source ""]
[Remark ""]

1.e4 e6 2.d4 d5 3.e5 c5 4.c3 Qb6 5.Nf3 Nc6 6.a3 a5 7.Bd3 f6 8.O-O
fxe5 9.dxe5 Nge7 10.Re1 Bd7 11.Ng5 g6 12.Qf3 Nd8 13.Qf6 Rg8 14.Nxh7
Bb5 15.Nxf8 Bxd3 16.Bg5 Nc8 17.Qxd8+ Qxd8 18.Bxd8 Rxf8 19.Bf6
Nb6 20.b3 Nd7 21.Bh4 Rf5 22.Bg3 b5 23.Nd2 a4 24.b4 cxb4 25.cxb4
Rc8 26.Nf3 Kf7 27.Rac1 Rc4 28.Rxc4 Bxc4 29.Nd4 Rh5 30.f4 Rh8
31.Bf2 Nb8 32.g4 Rc8 33.Re3 Nc6 34.Nxc6 Rxc6 35.Rc3 Rc8 36.Bd4
Rf8 37.Kg2 Rh8 38.Kg3 Rg8 39.h4 Ke7 40.Rc1 Rc8 41.Rh1 Bd3 42.Bc5+
Kf7 43.h5 Be4 44.hxg6+ Bxg6 45.Rf1 Rg8 46.Rh1 Bf5 47.Rh4 Rg7
48.Kh3 Bg6 49.Kg3 Bf5 50.Kf3 Be4+ 51.Ke3 Rh7 52.Rxh7+ Bxh7 53.Kd4
Bc2 54.Bd6 Bd1 55.Kc5 Be2 56.f5 Bd3 57.g5 exf5 58.Kxd5 Bc4+ 59.Kc6
Ke6 60.g6 f4 61.g7 Kf7 62.e6+ Kxg7 63.e7 Bf7 64.Kd7 f3 65.Bc5
Kf6 66.e8Q Bxe8+ 67.Kxe8 Ke6 68.Kd8 Kd5 69.Kc7 Kc4 70.Kb6 Kb3
71.Kxb5 Kxa3 72.Kc4 1-0

[Event "FIDE Open"]
[Site "Voronezh"]
[Date "2018.06.18"]
[Round "7.46"]
[White "Tatarinova, Elena"]
[Black "Mikheeva, Galina"]
[Result "0-1"]
[WhiteElo "1797"]
[BlackElo "1716"]
[Annotator ""]
[Source ""]
[Remark ""]

1.c4 Nf6 2.Nf3 e6 3.g3 d5 4.Bg2 Be7 5.O-O O-O 6.cxd5 exd5 7.d3
c5 8.b3 Nc6 9.Bb2 Bf5 10.Nbd2 Rc8 11.Rc1 Nd7 12.e4 dxe4 13.dxe4
Be6 14.Qe2 Nf6 15.Rfd1 Qa5 16.Bc3 Qb6 17.Ng5 Nd4 18.Qe1 Nb5 19.Bb2
Bg4 20.Nc4 Qa6 21.f3 Be6 22.Nxe6 Qxe6 23.f4 Nd4 24.f5 Qa6 25.e5
Nd7 26.Bxd4 cxd4 27.Na5 Rxc1 28.Rxc1 Nc5 29.Qd2 Qd3 30.Rd1 Qxd2
31.Rxd2 Bg5 32.Rd1 Re8 33.b4 Na6 34.b5 Nc7 35.Bxb7 Rxe5 36.a4
Be3+ 37.Kg2 Rxf5 38.Nc6 Rf2+ 39.Kh3 Ra2 40.Nb4 Rxa4 41.Nc2 Bg5 0-1

[Event "FIDE Open"]
[Site "Voronezh"]
[Date "2018.06.18"]
[Round "7.48"]
[White "Vlasova, Olesia"]
[Black "Teryaeva, Valeria"]
[Result "0-1"]
[WhiteElo "1682"]
[BlackElo "1787"]
[Annotator ""]
[Source ""]
[Remark ""]

1.e4 c5 2.Nf3 e6 3.d4 cxd4 4.Nxd4 Nf6 5.Nc3 Nc6 6.Ndb5 Bb4 7.a3
Bxc3+ 8.Nxc3 d5 9.exd5 exd5 10.Bd3 O-O 11.O-O d4 12.Ne2 Bg4 13.Bg5
Qd6 14.f3 Bh5 15.Qd2 Nd5 16.Be4 Bg6 17.Nxd4 Qc5 18.Rad1 Bxe4
19.fxe4 Nb6 20.Rf5 Qd6 21.Nxc6 Qxc6 22.e5 Rac8 23.c3 Nc4 24.Qf2
Rc7 25.Rf1 h6 26.Bc1 a5 27.Qg3 Rd7 28.b3 Qb6+ 29.Kh1 Nd2 30.Bxd2
Rxd2 31.Rf6 Qxb3 32.Rxh6 Rd1 33.Rhf6 Qb1 34.Qf3 Rfd8 35.Qe2 gxf6
36.Qg4+ Kf8 0-1

[Event "FIDE Open"]
[Site "Voronezh"]
[Date "2018.06.18"]
[Round "7.49"]
[White "Kalashnikova, Elena"]
[Black "Popov, Denis"]
[Result "1-0"]
[WhiteElo "1774"]
[BlackElo "1642"]
[Annotator ""]
[Source ""]
[Remark ""]

1.e4 d6 2.d4 Nf6 3.Nc3 g6 4.Bc4 Bg7 5.Nge2 c6 6.Bb3 b5 7.Ng3
Nbd7 8.O-O O-O 9.h3 a5 10.a4 b4 11.Nce2 Ba6 12.Re1 c5 13.Be3
h5 14.f3 Rc8 15.Qd2 Kh7 16.Nf1 c4 17.Ba2 Nb6 18.g4 hxg4 19.hxg4
Rh8 20.Nfg3 Kg8 21.Kg2 Nxa4 22.Bxc4 Bxc4 23.Rxa4 Bb5 24.Rea1
Qc7 25.c3 bxc3 26.Nxc3 Be8 27.Rh1 Nh7 28.Nd5 Qb7 29.Rxa5 e6 30.Nc3
Ra8 31.Rxa8 Qxa8 32.Bh6 Nf6 33.Bxg7 Kxg7 34.e5 Nd5 35.Rxh8 1-0

[Event "FIDE Open"]
[Site "Voronezh"]
[Date "2018.06.18"]
[Round "7.50"]
[White "Murzina, Agata"]
[Black "Maraktanov, Andrey"]
[Result "0-1"]
[WhiteElo "1632"]
[BlackElo "1763"]
[Annotator ""]
[Source ""]
[Remark ""]

1.e4 c5 2.Nc3 Nc6 3.g3 g6 4.Bg2 Bg7 5.d3 e6 6.f4 Nge7 7.Nf3 O-O
8.O-O d5 9.e5 Nf5 10.g4 Nfd4 11.Nxd4 Nxd4 12.Be3 a6 13.Bxd4 cxd4
14.Ne2 Qb6 15.b3 Bd7 16.Qe1 Rac8 17.Rc1 f6 18.exf6 Bxf6 19.g5
Bg7 20.h4 Qd6 21.Qa5 b6 22.Qd2 Qa3 23.Ng3 Qxa2 24.h5 Qa5 25.Qe2
Qc5 26.Bh3 Qd6 27.Rce1 Rce8 28.Qg4 Re7 29.Qh4 Ref7 30.hxg6 hxg6
31.Ne2 e5 32.Bxd7 Qxd7 33.fxe5 Rxf1+ 34.Rxf1 Rxf1+ 35.Kxf1 Qf5+
36.Ke1 Qxe5 37.Qf4 a5 38.Qg4 b5 39.Qc8+ Bf8 40.Qa6 Bb4+ 41.Kd1
Qxg5 42.Qe6+ Kg7 43.Qd7+ Kh6 44.Qh3+ Qh5 45.Qxh5+ gxh5 46.Nxd4
a4 47.c3 Bc5 48.Nxb5 a3 49.Nxa3 Bxa3 50.d4 Bb2 51.c4 Bxd4 52.Ke2
h4 53.Kf3 h3 54.Kg3 Be5+ 55.Kxh3 d4 56.Kg4 Kg6 57.b4 Kf6 58.b5
d3 59.Kf3 Bd4 60.Ke4 d2 0-1

[Event "FIDE Open"]
[Site "Voronezh"]
[Date "2018.06.18"]
[Round "7.51"]
[White "Astakhov, Alexander"]
[Black "Biskup, Stepan"]
[Result "0-1"]
[WhiteElo "1762"]
[BlackElo "1529"]
[Annotator ""]
[Source ""]
[Remark ""]

1.e4 c5 2.Nf3 e6 3.d4 cxd4 4.Nxd4 a6 5.Nc3 Qc7 6.Be3 Bb4 7.Qd2
Nf6 8.f3 Bxc3 9.bxc3 d5 10.Bd3 dxe4 11.Bxe4 Nxe4 12.fxe4 Nd7
13.Nf3 Nf6 14.Qd3 Bd7 15.Bd4 Bb5 16.Qe3 Qc6 17.Nd2 O-O-O 18.h3
Rhe8 19.Bxf6 gxf6 20.Rd1 f5 21.Kf2 fxe4 22.Nxe4 Rd5 23.Rhe1 Red8
24.Rd4 Rxd4 25.cxd4 Qxc2+ 26.Kg1 Qd3 27.Rc1+ Kb8 28.Qf4+ Ka8
29.Qc7 Qxd4+ 30.Nf2 Qd7 31.Qb6 Rc8 32.Rd1 Qc7 33.Qe3 Bc6 34.Rc1
Qa5 35.Rc5 Qxa2 36.Qd3 Rg8 37.g4 f5 38.Qd6 fxg4 39.hxg4 Rxg4+
40.Kf1 Rg8 41.Rxc6 Qb1+ 42.Ke2 Qb5+ 0-1